COMPUTER NETWORKS INTERNETS (Record no. 20038)
[ view plain ]
| 000 -LEADER | |
|---|---|
| fixed length control field | 00193nam a22000977a 4500 |
| 003 - CONTROL NUMBER IDENTIFIER | |
| control field | SGT |
| 100 ## - MAIN ENTRY--PERSONAL NAME | |
| Personal name | COMER, DOUGLAS E |
| 245 ## - TITLE STATEMENT | |
| Title | COMPUTER NETWORKS INTERNETS |
| 250 ## - EDITION STATEMENT | |
| Edition statement | 4RT |
| 942 ## - ADDED ENTRY ELEMENTS (KOHA) | |
| Source of classification or shelving scheme | Dewey Decimal Classification |
| Koha item type | CDs & DVDs |
| Withdrawn status | Lost status | Source of classification or shelving scheme | Damaged status | Not for loan | Collection code | Home library | Current library | Shelving location | Date acquired | SGTU | Total Checkouts | Accession No. (Barcode) | Date last seen | Bill Date | Koha item type |
|---|---|---|---|---|---|---|---|---|---|---|---|---|---|---|---|
| Dewey Decimal Classification | ENGINEERING | SGT Engineering Library | SGT Engineering Library | On Display | 16/05/2020 | SGTU | FECD378 | 16/05/2020 | 16/05/2020 | CDs & DVDs |